Introducción a la psicologia social sociológica

Gespeichert in:
Bibliographische Detailangaben
Hauptverfasser: Alvaro Estramiana, José Luis (VerfasserIn), Garrido Luque, Alicia (VerfasserIn), Schweiger Gallo, Inge (VerfasserIn), Torregrosa Peris, José Ramón (VerfasserIn)
Format: Buch
Sprache:Spanisch
Veröffentlicht: Barcelona UOC 2007
Ausgabe:1a. ed
Schriftenreihe:Psicología
Schlagworte:
Tags: Tag hinzufügen
Keine Tags, Fügen Sie den ersten Tag hinzu!

MARC

LEADER 00000nam a2200000 a 4500
001 UCI6957
003 CL-VaPUC
008 080605e20070000SP |||||||||||||||||spa|d
020 |a 9788497886031 
082 0 4 |a 302  |b ALV  |2 21 
100 0 |a Alvaro Estramiana, José Luis  |e author  |9 530057 
700 |a Garrido Luque, Alicia  |e author  |9 530058 
700 0 |a Schweiger Gallo, Inge  |e author  |9 530059 
700 0 |a Torregrosa Peris, José Ramón  |e author  |9 530060 
245 1 0 |a Introducción a la psicologia social sociológica 
250 |a 1a. ed 
300 |a 178 p 
942 |c BK 
945 |d 20080605 00:00:00  |a rbrito 
260 |a Barcelona  |b UOC  |c 2007 
650 0 |a Psicología social   |9 222894 
650 7 |a PSICOSOCIOLOGIA  |2 CL-VaPUC  |9 337830 
583 |a last modification  |c 20080605 00:00:00  |k Rodrigo Vera 
490 0 |a Psicología 
999 |c 330390  |d 330388 
952 |0 0  |1 0  |4 0  |6 302_000000000000000_ALV_2007  |7 0  |8 A  |9 415899  |a BIBEDU  |b BIBEDU  |d 2019-11-22  |i 4446399  |l 1  |o 302 ALV 2007  |p 4446399  |r 2024-07-08  |s 2024-07-03  |w 2019-11-22  |y BK  |k PSI